| 000 | 01174nam a2200325 a 4500 | ||
|---|---|---|---|
| 001 | vtls000188794 | ||
| 003 | NLI | ||
| 005 | 20210602111624.0 | ||
| 008 | 101125s1991 enka 001 0 eng | ||
| 020 |
_a0714634441 : _cPND 24.00 |
||
| 039 | 9 |
_y201011252242 _zVLOAD |
|
| 040 | 0 |
_aNLI _beng _cDatasoft 1 _eAACR2 |
|
| 041 | 0 | _aeng | |
| 044 | _aenk | ||
| 082 | 0 | 4 | _a332.109 |
| 245 | 0 | 0 |
_aBanks and money : _binternational and comparative finance in history / _cedited by Geoffrey Jones |
| 260 |
_aLondon : _bFrank Cass, _c1991 |
||
| 300 |
_aix, 198 p. : _bill. ; _c23 cm. |
||
| 500 | _a"First appeared in a special issue of Business history, vol. XXXIII, no. 3 (July 1991)"--T.p. verso | ||
| 500 | _aIncludes index | ||
| 650 | 0 |
_aBanks and banking _xHistory _9359293 |
|
| 650 | 0 |
_aBanks and banking, International _xHistory _9359291 |
|
| 700 | 1 |
_aJones, Geoffrey, _d1952, _4edt _9347006 |
|
| 887 | _a | ||
| 901 |
_a518269 _b06.08.1992 |
||
| 902 | _aE 332.109 B 226 | ||
| 942 |
_2ddc _cBKS |
||
| 949 |
_AVIRTUAITEM _D10000 _X100 _6PUR000518269ENG |
||
| 999 |
_aVIRTUA40 _c192571 _d192571 |
||
| 999 | _aVTLSSORT0080*0200*0400*0410*0440*0820*2450*2600*3000*5000*5001*6500*6501*7000*9010*9020*9490*9991 | ||